[Event "Vaujany Principal"]
[Site "Vaujany"]
[Date "2012.07.16"]
[Round "5.34"]
[White "Coppola, Federico"]
[Black "Van Foreest, Lucas"]
[Result "1-0"]
[WhiteElo "1844"]
[BlackElo "1969"]
[Annotator "Jean-pierre,LEES"]
[PlyCount "110"]
[SourceDate "2012.07.12"]
[TimeControl "240+2"]

{1024MB, Fritz8.ctg
} 1. e4 e5 2. Nf3 Nc6 3. Bb5 a6 4. Bxc6 dxc6 5. O-O f6 6.
d3 Bd6 7. c3 Ne7 8. Qb3 Bg4 9. Qxb7 Bxf3 10. gxf3 O-O 11. Qb3+ Kh8 12. Kh1 Qd7
13. Qd1 f5 14. Nd2 (14. d4 f4 15. Rg1) 14... Qe6 15. Nc4 f4 16. Rg1 Rad8 17.
Qe2 Bc5 18. b4 Ba7 19. Bb2 Ng6 20. Rad1 Qf6 21. Na5 Rd7 22. Nb3 Rfd8 23. d4 Qh4
24. Na5 Rd6 25. Nc4 Re6 26. Nxe5 Nxe5 27. dxe5 Rf8 28. Rg4 Qe7 29. Qd2 c5 30.
Rxf4 Rxf4 31. Qxf4 c4 32. Rd7 Qe8 33. Qd2 Rd6 34. Rxd6 cxd6 35. exd6 Qf8 36. f4
Bb6 37. Qd5 h6 38. d7 Qxf4 39. d8=Q+ Bxd8 40. Qxd8+ Kh7 41. Qd5 Qf3+ 42. Kg1
Qe2 43. Qf5+ Kh8 44. e5 Qxb2 45. Qc8+ Kh7 46. Qxc4 Qc1+ 47. Kg2 Qg5+ 48. Kf3
Qh5+ 49. Ke3 Qh3+ 50. f3 Qxh2 51. e6 Qg1+ 52. Kd2 Qg5+ 53. Kd3 Qe7 54. Qd5 Kg6
55. f4 h5 1-0

[Event "Vaujany"]
[Site "?"]
[Date "2012.07.17"]
[Round "6.1"]
[White "Istratescu, Andrei"]
[Black "Edouard, Romain"]
[Result "1/2-1/2"]
[WhiteElo "2641"]
[BlackElo "2646"]
[PlyCount "59"]
[SourceDate "2012.07.12"]

1. e4 c5 2. Nf3 d6 3. d4 cxd4 4. Nxd4 Nf6 5. Nc3 a6 6. Be3 Ng4 7. Bc1 Nf6 8.
Be3 Ng4 9. Bg5 h6 10. Bh4 g5 11. Bg3 Bg7 12. h3 Ne5 13. Nf5 Bxf5 14. exf5 Nbc6
15. Nd5 e6 16. fxe6 fxe6 17. Ne3 Qa5+ 18. c3 Nf3+ 19. Qxf3 Bxc3+ 20. Kd1 Qa4+
21. Kc1 Bxb2+ 22. Kxb2 Qd4+ 23. Kb1 Qb4+ 24. Kc1 Nd4 25. Qh5+ Ke7 26. Qg6 Qe1+
27. Kb2 Qb4+ 28. Kc1 Qe1+ 29. Kb2 Qb4+ 30. Kc1 1/2-1/2

[Event "Vaujany"]
[Site "?"]
[Date "2012.07.17"]
[Round "6.2"]
[White "Horvath, Jozsef"]
[Black "Epishin, Vladimir"]
[Result "1/2-1/2"]
[WhiteElo "2531"]
[BlackElo "2567"]
[Annotator "Horvath Jozsef"]
[PlyCount "93"]
[SourceDate "2012.07.12"]

1. d4 Nf6 2. c4 e6 3. Nf3 b6 4. g3 Ba6 5. b3 d5 6. cxd5 exd5 7. Bg2 Bb4+ 8. Bd2
Bd6 9. Nc3 O-O 10. O-O Re8 11. Re1 h6 12. Qc2 Bb7 13. Nb5 Na6 14. Nxd6 Qxd6 15.
Rac1 Ne4 16. Bf4 Qe6 17. Qb2 c5 18. dxc5 bxc5 19. Nd2 f5 20. f3 Nf6 21. Nf1
Rad8 22. Bd2 Qb6 23. e3 Rf8 24. Red1 Rf7 25. Bc3 Re8 26. a3 Bc6 27. b4 c4 28.
Qc2 Nc7 29. a4 a6 30. Rb1 Bd7 31. Rb2 Qc6 32. Ra2 Rfe7 33. Qd2 Nh7 34. f4 Nf6
35. Bxf6 Qxf6 36. Bxd5+ Nxd5 37. Qxd5+ Kh7 38. Qd6 Qxd6 39. Rxd6 Rb8 40. Rxa6
Rxb4 41. Ra7 c3 {Diagramme #} 42. Ra1 (42. a5 Be6 43. Rxe7 Bxa2 44. Rc7 Rc4 $19
) 42... c2 43. Rc1 Rxa4 44. Rc7 Rae4 45. R1xc2 Bb5 46. Rxe7 Rxe7 47. Kf2
1/2-1/2

[Event "Vaujany"]
[Site "?"]
[Date "2012.07.17"]
[Round "6.3"]
[White "Gozzoli, Yannick"]
[Black "Olivier, Jean-Christophe"]
[Result "1/2-1/2"]
[WhiteElo "2547"]
[BlackElo "2394"]
[PlyCount "87"]
[SourceDate "2012.07.12"]

1. d4 Nf6 2. c4 e6 3. Nc3 d5 4. Bg5 Be7 5. Nf3 h6 6. Bh4 O-O 7. e3 b6 8. Rc1
Bb7 9. Bxf6 Bxf6 10. cxd5 exd5 11. b4 Qd6 12. b5 c5 13. bxc6 Nxc6 14. Be2 Rfc8
15. O-O Na5 16. Nb5 Qe7 17. Rxc8+ Bxc8 18. Nd2 Bb7 19. Qb1 a6 20. Nc3 b5 21.
Bf3 Nc4 22. Nb3 Rd8 23. Qd3 Qd6 24. Nc5 Ba8 25. Rc1 Qb6 26. a4 Be7 27. axb5
axb5 28. Nb3 Bc6 29. Ra1 g6 30. g3 Nb2 31. Qc2 Nc4 32. Nc1 Kg7 33. Nb3 b4 34.
Na4 Bxa4 35. Rxa4 Na3 36. Qd3 Qb5 37. Qxb5 Nxb5 38. Nc5 Bxc5 39. dxc5 Rc8 40.
c6 Rxc6 41. Rxb4 Rc5 42. Kg2 h5 43. Ra4 Nc3 44. Ra6 1/2-1/2

[Event "Vaujany"]
[Site "?"]
[Date "2012.07.17"]
[Round "6.4"]
[White "Riff, Jean-Noel"]
[Black "Roos, Daniel"]
[Result "1-0"]
[WhiteElo "2500"]
[BlackElo "2383"]
[PlyCount "77"]
[SourceDate "2012.07.12"]

1. e4 c6 2. d4 d5 3. f3 e6 4. Nc3 b6 5. Nge2 Ba6 6. Be3 Nf6 7. Qd2 Be7 8. O-O-O
b5 9. Ng3 b4 (9... Qa5 10. Kb1 Bb4 11. Bd3 $13) 10. Nce2 h5 11. h4 g6 12. Bg5
Nbd7 13. Nf4 Bxf1 14. Rhxf1 Qa5 15. Kb1 Nb6 16. Rfe1 O-O-O 17. Nd3 Rhf8 18. Ne5
(18. b3) 18... Nc4 19. Qf4 Nxe5 20. dxe5 Ng8 21. exd5 cxd5 22. Re3 Bxg5 23.
hxg5 Ne7 24. Ne2 $1 d4 25. Rxd4 Nd5 26. Rc4+ Kb8 27. Qe4 Rc8 28. Rb3 Rxc4 29.
Qxc4 Rc8 30. Qd3 Qc5 31. a3 Nb6 32. Rxb4 Qxe5 33. a4 Rc5 34. Nc3 Ka8 35. f4 Qf5
36. Qd6 $1 Kb7 37. Rb5 Rxb5 38. Nxb5 (38. Qe7+ $3 Kb8 39. Nxb5) 38... Nxa4 39.
Qb4 (39. Qc7+ Ka6) 1-0

[Event "Vaujany"]
[Site "?"]
[Date "2012.07.17"]
[Round "6.5"]
[White "Serafimov, Tervel"]
[Black "Csonka, Balazs"]
[Result "1-0"]
[WhiteElo "2425"]
[BlackElo "2306"]
[PlyCount "45"]
[SourceDate "2012.07.12"]

1. b3 d5 2. Bb2 c6 3. e3 Bf5 4. Ne2 Nd7 5. Ng3 Bg6 6. Be2 Ngf6 7. f4 e6 8. O-O
Bd6 9. Bh5 Qc7 10. a4 e5 11. f5 {Diagramme #} e4 12. Be2 Bxg3 13. hxg3 Qxg3 14.
Rf4 Bh5 15. Bxh5 g5 16. Rg4 Nxg4 17. Qxg4 Qxg4 18. Bxg4 f6 19. Bh5+ Kf8 20. Nc3
Kg7 21. Ne2 c5 22. Nc3 Nb6 23. a5 1-0

[Event "Vaujany"]
[Site "?"]
[Date "2012.07.17"]
[Round "6.6"]
[White "Foisor, Cristina-Adela"]
[Black "Torma, Robert"]
[Result "1/2-1/2"]
[WhiteElo "2401"]
[BlackElo "2424"]
[PlyCount "81"]
[SourceDate "2012.07.12"]

1. e4 c5 2. Nf3 d6 3. d4 Nf6 4. Bb5+ Bd7 5. Qe2 cxd4 6. Nxd4 g6 7. O-O Bg7 8.
Nc3 O-O 9. Be3 Ng4 10. Bxd7 Qxd7 (10... Nxe3 11. Ne6 Nxd7 (11... Qxd7 12. Nxf8
Bxf8 13. Qxe3)) 11. Rad1 Nxe3 12. Qxe3 Nc6 13. Nxc6 Qxc6 14. Nd5 Rfe8 15. c3 a5
16. Qb6 Qxb6 17. Nxb6 Ra6 18. Nd5 Rc6 19. Rd3 b5 20. Rfd1 Kf8 21. a3 Rb8 22.
Kf1 e6 23. Ne3 Ke7 24. Nc2 Rbb6 25. g3 Rc4 26. f3 Bf6 27. Kf2 Bg7 28. Re1 Rc5
29. f4 h5 30. h4 Bf6 31. Red1 Rc7 32. Kf3 Bg7 33. Re3 Rc5 34. Ne1 Rc4 35. Nc2
Rc5 36. Red3 Rc7 37. Ne3 Bf6 38. R1d2 Bg7 39. Nc2 Bf6 40. Re2 Bg7 41. Red2
1/2-1/2

[Event "Vaujany"]
[Site "?"]
[Date "2012.07.17"]
[Round "6.7"]
[White "Milchev, Nikolay"]
[Black "Foisor, Ovidiu-Doru"]
[Result "0-1"]
[WhiteElo "2421"]
[BlackElo "2381"]
[Annotator "Vaujany,2012"]
[PlyCount "60"]
[SourceDate "2012.07.12"]

1. d4 g6 2. Nf3 Bg7 3. c4 c5 4. d5 d6 5. e4 e6 6. Nc3 Ne7 7. dxe6 Bxe6 8. Bf4
Nc8 9. e5 Qb6 10. Qa4+ Nc6 11. O-O-O dxe5 12. Nxe5 (12. Bxe5 Bh6+) 12... O-O
13. Nd7 Bxd7 14. Rxd7 Ne5 $5 15. Nd5 Qe6 16. Rxb7 Nb6 17. Qb3 Nc6 18. Bd3 $4 (
18. Qe3 $8) 18... Na5 19. Rxb6 Nxb3+ 20. Rxb3 Rad8 21. Rd1 Rxd5 22. cxd5 Qxd5
23. Bf1 Qe4 24. Be3 c4 25. Rb4 Rc8 26. Rd7 $1 {Diagramme #} Qe5 $1 (26... Bh6)
27. Bxc4 a5 28. Ra4 Qe8 $1 29. b3 Qxd7 30. Rxa5 Bd4 {...0-1 au coup 47} 0-1

[Event "Vaujany"]
[Site "?"]
[Date "2012.07.17"]
[Round "6.8"]
[White "Kukov, Velislav"]
[Black "Valles, Manuel"]
[Result "0-1"]
[WhiteElo "2404"]
[BlackElo "2248"]
[PlyCount "60"]
[SourceDate "2012.07.12"]

1. Nf3 Nf6 2. d4 c5 3. c3 d5 4. e3 Nbd7 5. Bd3 g6 6. Nbd2 Bg7 7. O-O O-O 8. Ne5
Nxe5 9. dxe5 Ng4 10. Be2 Nxe5 11. f4 Nc6 12. Bf3 b6 13. e4 d4 14. e5 Bb7 15.
Qe2 dxc3 16. bxc3 Qc7 17. Ne4 Rad8 18. Be3 f6 19. exf6 exf6 20. Rab1 Rfe8 21.
Rfd1 Kh8 22. Rxd8 Nxd8 23. Ng3 f5 24. Bxb7 Nxb7 25. Qd3 Qd6 26. Qa6 Rxe3 27.
Qxb7 Bxc3 28. Qxa7 Re7 29. Qa4 Bd4+ 30. Kh1 Qxf4 0-1

[Event "Vaujany"]
[Site "?"]
[Date "2012.07.17"]
[Round "6.9"]
[White "Kantans, Toms"]
[Black "Philippe, Cristophe"]
[Result "0-1"]
[WhiteElo "2354"]
[BlackElo "2403"]
[PlyCount "80"]
[SourceDate "2012.07.12"]

1. e4 c5 2. Nf3 e6 3. d4 cxd4 4. Nxd4 Nc6 5. Nc3 a6 6. g3 d6 7. Bg2 Bd7 8. O-O
Nf6 9. Nb3 Be7 10. Bf4 Ne5 11. Nc5 Bc6 12. Nd3 Qc7 13. Qe2 O-O 14. a4 b6 15.
Nd1 b5 16. Nc3 Nxd3 17. Qxd3 b4 18. Nd1 Qb7 19. f3 d5 20. e5 Nd7 21. Qe2 Rfc8
22. b3 Rc7 23. Nf2 Rac8 24. Rad1 a5 25. h4 Qa8 26. Rd2 Bb7 27. Re1 Ba6 28. Qd1
Rc3 29. Bf1 Bxf1 30. Kxf1 Qc6 31. Ree2 Rxf3 32. Kg2 Rc3 33. Ne4 dxe4 34. Rxd7
Rd3 35. cxd3 exd3+ 36. Kf2 Qxd7 37. Rd2 Rc3 38. Qf3 Qd4+ 39. Kg2 Rxb3 40. Qa8+
Qd8 0-1

[Event "Vaujany"]
[Site "?"]
[Date "2012.07.17"]
[Round "6.10"]
[White "Juhasz, Kristof"]
[Black "Meng, Roger"]
[Result "1/2-1/2"]
[WhiteElo "2365"]
[BlackElo "2272"]
[Annotator "Juhasz Kristof"]
[PlyCount "61"]
[SourceDate "2012.07.12"]

1. d4 Nf6 2. c4 c5 3. d5 b5 4. cxb5 a6 5. bxa6 Bxa6 6. Nc3 d6 7. g3 g6 8. Bg2
Bg7 9. Nf3 O-O 10. O-O Nbd7 11. Rb1 Qa5 12. Bd2 Rfb8 13. Qc2 Qc7 14. b3 Ng4 15.
Rfd1 $1 Ra7 (15... Nge5 16. Ne1 $1 Nb6 17. f4 Ned7 18. e4 $16) 16. a4 Rab7 17.
h3 Nge5 (17... Ngf6 18. e4 $16) 18. Ne1 $1 Nf6 (18... Nb6 19. f4 Ned7 20. e4
$16) 19. e4 Qc8 $5 (19... c4 $2 20. b4 $1 Rxb4 21. Rxb4 Rxb4 22. Nb5 $18) 20.
f4 $16 Ned7 21. Na2 (21. Kh2 c4 $1) 21... Nb6 (21... Nh5 22. Kh2 Be2 (22... c4
$6 23. b4 $18) 23. Rdc1 $16) 22. Bc3 (22. Be3 $5 Nh5 23. Kh2 Nxa4 24. e5 $1 $18
(24. bxa4 $2 Rb2 $1 $17)) 22... Qe8 23. e5 Nh5 24. a5 (24. Kh2 c4) 24... Nd7 $8
25. e6 $5 Ndf6 (25... Nf8 26. Kh2 $16) 26. Kh2 (26. Qf2 $5 Rxb3 $1 (26... Bh6
27. Nc1 $1 Bc4 28. Qe3 Bxb3 29. Nxb3 Rxb3 30. Rxb3 Rxb3 31. a6 $16) 27. Rxb3
Rxb3 28. g4 Qa4 (28... Nxg4 29. hxg4 Bxc3 30. Nxc3 Rxc3 31. gxh5 $18) 29. exf7+
(29. gxh5 Ra3 30. Rd2 Bc4 31. Bxf6 Bxf6 32. Nc1 Ra1) 29... Kxf7 30. gxh5 Ra3
31. hxg6+ hxg6 32. Rd2 Bc4 33. Bxf6 Bxf6 34. Nc1 Ra1 $132) 26... Bb5 27. Qf2
fxe6 28. dxe6 $2 (28. g4 $1 Nxd5 (28... exd5 29. gxh5 d4 30. Bxb7 Rxb7 31. Bd2
$18) 29. Rxd5 $1 (29. gxh5 Nxc3 30. Nxc3 Bxc3 31. Bxb7 Rxb7 32. Qf3 $1 $18)
29... exd5 30. Bxd5+ e6 31. Bxb7 Rxb7 32. gxh5 $18) 28... Bc6 $1 $132 29. g4
Bxg2 30. Nxg2 (30. Kxg2 $2 Qc6+ 31. Kh2 Ne4 $15) 30... Ne4 31. Qc2 (31. Qc2
Nxc3 32. Nxc3 Nxf4 $1 33. Nxf4 Be5 $13) 1/2-1/2

[Event "Vaujany"]
[Site "?"]
[Date "2012.07.21"]
[Round "6.12"]
[White "Di Nicolantonio, Lucas"]
[Black "Delorme, Laurie"]
[Result "1-0"]
[WhiteElo "2321"]
[BlackElo "2171"]
[PlyCount "89"]
[EventDate "2012.07.20"]
[SourceDate "2012.07.12"]

1. d4 Nf6 2. Nf3 e6 3. c4 Bb4+ 4. Bd2 Qe7 5. g3 Nc6 6. Bg2 Bxd2+ 7. Nbxd2 d5 8.
O-O O-O 9. Qc2 e5 10. cxd5 Nxd5 11. Nxe5 Nxe5 12. Bxd5 Rd8 13. Qe4 Ng6 14. Nb3
Qb4 15. Qf3 Nh8 16. Rac1 c6 17. Bc4 a5 18. Qc3 Ng6 19. e4 Qe7 20. Rfe1 a4 21.
Na1 b5 22. Bf1 Be6 23. Nc2 Qa7 24. Red1 Bxa2 25. Nb4 Bb3 26. Nxc6 Qb6 27. Nxd8
Bxd1 28. Rxd1 Rxd8 29. Qb4 Qc6 30. d5 Qc2 31. Rd2 Qc1 32. Qa5 Rf8 33. Kg2 Ne5
34. Bxb5 f5 35. exf5 Rxf5 36. Qc3 Qe1 37. Qc8+ Rf8 38. Qe6+ Kh8 39. Re2 Qb4 40.
Qxe5 Qxb5 41. h4 h6 42. d6 Qc6+ 43. Kh2 Qb6 44. Kg1 Qc6 45. Qe7 1-0

[Event "Vaujany"]
[Site "?"]
[Date "2012.07.17"]
[Round "6.13"]
[White "Adam, Gyorgy jr."]
[Black "Kurayan, Ruslan"]
[Result "1-0"]
[WhiteElo "2140"]
[BlackElo "2318"]
[PlyCount "97"]
[SourceDate "2012.07.12"]

1. e4 c5 2. Nf3 d6 3. d4 cxd4 4. Nxd4 Nf6 5. Nc3 g6 6. Be3 Bg7 7. f3 O-O 8. Qd2
Nc6 9. Bc4 Bd7 10. g4 Qa5 11. h4 Nxd4 12. Bxd4 Qb4 13. Qd3 {Diagramme #} Nxe4
14. Bxg7 Kxg7 15. Qxe4 Qxb2 16. Kd2 Rac8 17. Rab1 Qa3 18. Rb3 Qc5 19. Bd3 Be6
20. Na4 Qf2+ 21. Kc1 Bxb3 22. axb3 Rc7 23. h5 Rfc8 24. Kb1 Qg2 25. Re1 Qh2 26.
Nb2 Qh4 27. Nd1 Rd7 28. hxg6 hxg6 29. Qd4+ Qf6 30. Qxf6+ Kxf6 31. Ne3 e6 32. f4
g5 33. fxg5+ Kxg5 34. Rh1 d5 35. Kc1 Kf4 36. Kd2 Rg8 37. Ke2 a6 38. Kf2 d4 39.
Nc4 b5 40. Nd2 Rxg4 41. Re1 Kg5 42. Nf3+ Kf6 43. Ne5 Rf4+ 44. Kg3 Kg5 45. Nxd7
Rg4+ 46. Kf3 Rf4+ 47. Ke2 f6 48. Rg1+ Kh5 49. Rf1 1-0

[Event "Vaujany Principal"]
[Site "Vaujany"]
[Date "2012.07.17"]
[Round "6.14"]
[White "Gonella, Daniele"]
[Black "Frick, Christoph"]
[Result "1/2-1/2"]
[WhiteElo "2121"]
[BlackElo "2258"]
[Annotator "Jean-pierre,LEES"]
[PlyCount "91"]
[SourceDate "2012.07.12"]
[TimeControl "240+2"]

{1024MB, Fritz8.ctg
} 1. e4 c6 2. d4 d5 3. exd5 cxd5 4. c4 Nf6 5. Nc3 Nc6 6.
Nf3 Be6 7. Bg5 g6 8. Be2 Bg7 9. O-O O-O 10. a3 Ne4 11. Nxe4 dxe4 12. d5 exf3
13. Bxf3 Nd4 14. dxe6 fxe6 15. Be4 Qc7 16. Rc1 Qe5 17. Qg4 h5 18. Qh4 Ne2+ 19.
Kh1 Nxc1 20. Bxg6 Qe2 21. Rxc1 Qxf2 22. Qxf2 Rxf2 23. Bxe7 Bxb2 24. Rb1 Bf6 25.
Bd6 Rc8 26. c5 Bd4 27. h4 Bxc5 28. Bg3 Ra2 29. Rxb7 Ra1+ 30. Kh2 Bg1+ 31. Kh3
Rxa3 32. Bxh5 Rcc3 33. Bf3 Bd4 34. Bd6 Rab3 35. Re7 Rxf3+ (35... Rb6 36. Rd7 (
36. Rxe6 Kf7 37. Re7+ Kf6 38. Rd7 Ke6 39. Re7+ Kxd6) 36... Bf6 37. Bg3 Ra3 $19)
36. gxf3 Rxf3+ 37. Kg4 Re3 38. Kg5 Re1 39. Kg6 Rg1+ 40. Kh5 e5 (40... a5 41.
Re8+ Kg7 42. Re7+ Kf6) 41. Bxe5 Bf2 42. Bd6 a5 43. Re8+ Kg7 44. Re7+ Kf6 45.
Re4 Be1 46. Bc7 1/2-1/2

[Event "Vaujany Principal"]
[Site "Vaujany"]
[Date "2012.07.17"]
[Round "6.15"]
[White "Chauvet, Vincent"]
[Black "Skinke, Katrina"]
[Result "1/2-1/2"]
[WhiteElo "2118"]
[BlackElo "2238"]
[Annotator "Jean-pierre,LEES"]
[PlyCount "92"]
[SourceDate "2012.07.12"]
[TimeControl "240+2"]

{1024MB, Fritz8.ctg
} 1. d4 Nf6 2. c4 g6 3. Nc3 Bg7 4. e4 d6 5. f3 Nbd7 (5...
O-O 6. Be3 e5 (6... c5) (6... Nc6)) 6. Bg5 c5 7. Nge2 a6 8. Qd2 Rb8 9. Rd1 cxd4
10. Nxd4 O-O 11. Be2 Nc5 12. Be3 Bd7 13. O-O Ne6 14. Nc2 Qc8 15. Rc1 Nc5 16.
Nb4 b6 17. Nbd5 Nxd5 18. Nxd5 Qd8 19. b4 Na4 20. Bd4 b5 21. Bxg7 Kxg7 22. c5
dxc5 23. bxc5 Bc6 24. Qd4+ f6 25. Rfd1 a5 26. Qd2 Bxd5 27. exd5 b4 28. Ba6 Nc3
29. Rxc3 bxc3 30. Qxc3 Qc7 31. a4 Rb4 32. Bb5 Rc8 33. Rc1 Rh4 34. g3 Rb4 35.
Kg2 h5 36. h4 Rd8 37. Rd1 Kf7 38. Rd2 Rc8 39. d6 exd6 40. Bc4+ Kg7 41. Rxd6 Qe7
42. Re6 Qf8 43. c6 Rxa4 44. Qd4 Rc7 45. g4 hxg4 46. fxg4 Qf7 1/2-1/2

[Event "Vaujany"]
[Site "?"]
[Date "2012.07.17"]
[Round "6.16"]
[White "Moal, Alain"]
[Black "Houard, Sebastien"]
[Result "1-0"]
[WhiteElo "2175"]
[BlackElo "2089"]
[PlyCount "58"]
[EventDate "2012.07.20"]
[SourceDate "2012.07.12"]

1. d4 d5 2. Nf3 Nf6 3. g3 c6 4. Bg2 Nbd7 5. O-O e6 6. b3 Bd6 7. Bb2 Qc7 8. Nbd2
e5 9. e4 dxe4 10. Ng5 c5 11. dxc5 Nxc5 12. Nc4 Be7 13. Bxe5 Qc6 14. Nd6+ Bxd6
15. Qxd6 Bf5 16. Qxc6+ bxc6 17. Bxf6 gxf6 18. Nxe4 Bxe4 19. Bxe4 Nxe4 20. Rae1
O-O-O 21. Rxe4 Rd2 22. Rc4 Kd7 23. Re1 Kd6 24. Kg2 h5 25. h4 c5 26. Re3 Rd8 27.
Rf3 Kc6 28. Rxf6+ Kb5 29. a4+ Ka5 1-0

[Event "Vaujany"]
[Site "?"]
[Date "2012.07.17"]
[Round "6.17"]
[White "Viennot, Dylan"]
[Black "Stets, Dmitry"]
[Result "0-1"]
[WhiteElo "2149"]
[BlackElo "2426"]
[PlyCount "98"]
[EventDate "2012.07.20"]
[SourceDate "2012.07.12"]

1. e4 c5 2. Nf3 g6 3. d4 cxd4 4. Nxd4 Bg7 5. Nc3 Nc6 6. Be3 Nf6 7. Be2 O-O 8.
Qd2 d5 9. Nxc6 bxc6 10. Rd1 Qc7 11. Bh6 dxe4 12. Bxg7 Kxg7 13. h3 Bb7 14. O-O
Rad8 15. Qe3 Qb6 16. Na4 Qxe3 17. fxe3 Nd5 18. Kf2 f5 19. Nc5 Bc8 20. c4 Nb6
21. b4 Kf6 22. Kg3 Ke5 23. a4 Rd6 24. a5 Nd7 25. Nb3 g5 26. b5 f4+ 27. Kf2 cxb5
28. cxb5 Nf6 29. Rc1 Nd5 30. Rfd1 f3 31. gxf3 exf3 32. Bf1 h5 33. Rc5 g4 34.
Nd2 Bb7 35. hxg4 hxg4 36. e4 Kf4 37. exd5 g3+ 38. Ke1 f2+ 39. Ke2 Bxd5 40. Rb1
g2 41. Bxg2 Bxg2 42. Nf1 Re6+ 43. Kd2 Rd8+ 44. Kc3 Re1 45. Rb4+ Be4 46. Rcc4
Rd3+ 47. Kb2 Re2+ 48. Kc1 Ra3 49. Nd2 f1=Q+ 0-1

[Event "Vaujany"]
[Site "?"]
[Date "2012.07.17"]
[Round "6.18"]
[White "Ruecker, Benjamin"]
[Black "Gelas, Christophe"]
[Result "1/2-1/2"]
[WhiteElo "2260"]
[BlackElo "2148"]
[PlyCount "61"]
[EventDate "2012.07.20"]
[SourceDate "2012.07.12"]

1. b3 d5 2. Bb2 c5 3. e3 Nf6 4. Nf3 Nc6 5. Bb5 Bd7 6. O-O e6 7. c4 Bd6 8. cxd5
exd5 9. Bxc6 Bxc6 10. d4 b6 11. Nbd2 O-O 12. Rc1 Rc8 13. Re1 Qe7 14. dxc5 bxc5
15. Bxf6 Qxf6 16. e4 Rfe8 17. exd5 Bxd5 18. Nc4 Rxe1+ 19. Nxe1 Bf4 20. Ne3 Bxe3
21. fxe3 Qg5 22. Qd4 Be6 23. Qe4 h6 24. Nf3 Qd8 25. h3 Bd5 26. Qd3 Bxf3 27.
Qxd8+ Rxd8 28. gxf3 Rd2 29. a4 Rd3 30. Kf2 Rxb3 31. Rxc5 1/2-1/2

[Event "Vaujany"]
[Site "?"]
[Date "2012.07.17"]
[Round "6.19"]
[White "Deleva, Michael"]
[Black "Brest, Jean-Francois"]
[Result "1-0"]
[WhiteElo "2255"]
[BlackElo "2046"]
[PlyCount "81"]
[EventDate "2012.07.20"]
[SourceDate "2012.07.12"]

1. e4 e5 2. Nf3 Nc6 3. Bb5 a6 4. Bxc6 dxc6 5. O-O f6 6. d4 exd4 7. Nxd4 c5 8.
Ne2 Qxd1 9. Rxd1 Bd7 10. Nbc3 O-O-O 11. Be3 Re8 12. Rd2 Bc6 13. Rad1 b6 14. f3
Ne7 15. Nf4 Ng6 16. Nh5 Rg8 17. Nd5 Be7 18. c4 Bd8 19. Kf2 Ne5 20. b3 Ref8 21.
g4 g6 22. Ng3 Bd7 23. Bf4 Be6 24. Ne2 Nc6 25. Nxb6+ cxb6 26. Rd6 Bxg4 27. fxg4
Nb8 28. Re6 Rf7 29. Nc3 f5 30. gxf5 gxf5 31. e5 Rfg7 32. Kf3 Rg6 33. Red6 Be7
34. Rxg6 hxg6 35. e6 Bd8 36. Bxb8 Kxb8 37. Kf4 Kc8 38. Nd5 Re8 39. Ke5 Rh8 40.
e7 Rxh2 41. Nxb6+ 1-0

[Event "Vaujany Principal"]
[Site "Vaujany"]
[Date "2012.07.17"]
[Round "6.20"]
[White "Van Foreest, Jorden"]
[Black "Petrone, Gian Mario"]
[Result "1-0"]
[WhiteElo "2209"]
[BlackElo "1930"]
[Annotator "Jean-pierre,LEES"]
[PlyCount "55"]
[SourceDate "2012.07.12"]
[TimeControl "240+2"]

{1024MB, Fritz8.ctg
} 1. Nf3 Nf6 2. c4 g6 3. g3 Bg7 4. Bg2 O-O 5. O-O d6 6. Nc3
Nc6 7. d3 e5 8. Rb1 a5 9. a3 Bd7 10. Bg5 h6 11. Bxf6 Bxf6 12. b4 axb4 13. axb4
Be6 14. Nd2 Qc8 15. b5 Ne7 16. b6 c6 17. Nce4 Bg7 18. Nxd6 Qd7 19. N6e4 Nc8 20.
Nb3 Rd8 21. Nbc5 Qe7 22. Nxb7 Qxb7 23. Nc5 Qe7 24. b7 Rb8 25. bxc8=N Rbxc8 (
25... Rdxc8 26. Nxe6) 26. Nxe6 Qxe6 27. Rb6 f5 28. Bd5 1-0

[Event "Vaujany"]
[Site "?"]
[Date "2012.07.17"]
[Round "6.21"]
[White "Mahiouz, Oualid"]
[Black "Roberg, F."]
[Result "0-1"]
[WhiteElo "2096"]
[BlackElo "2253"]
[PlyCount "96"]
[EventDate "2012.07.20"]
[SourceDate "2012.07.12"]

1. d4 Nf6 2. Nf3 c5 3. c4 cxd4 4. Nxd4 g6 5. Nc3 Bg7 6. e4 d6 7. Be2 O-O 8. Be3
Nc6 9. O-O Bd7 10. Nb3 a5 11. Nd2 Ne5 12. h3 Bc6 13. f4 Ned7 14. Bf3 a4 15. Rc1
Qa5 16. Nd5 Bxd5 17. cxd5 Rfc8 18. Rc2 Qd8 19. Rxc8 Qxc8 20. Qb1 Nc5 21. Rc1
Qd8 22. b4 axb3 23. Nxb3 b6 24. Nd4 Qc7 25. Nc6 e6 26. dxe6 Qxc6 27. exf7+ Kxf7
28. e5 d5 29. exf6 Bxf6 30. Rd1 Rd8 31. f5 Kg7 32. fxg6 hxg6 33. Qc1 Qe6 34.
Bh6+ Kh7 35. Bg5 d4 36. Qf4 Bxg5 37. Qxg5 Qd6 38. Re1 Ne6 39. Rxe6 Qxe6 40.
Qxd8 Qe3+ 41. Kh1 Qc1+ 42. Kh2 Qf4+ 43. Kg1 Qc1+ 44. Kf2 Qe3+ 45. Kg3 Qe5+ 46.
Kh4 Qf4+ 47. g4 d3 48. Qxd3 Kh6 0-1

[Event "Vaujany"]
[Site "?"]
[Date "2012.07.21"]
[Round "6.22"]
[White "Neuhauser, Salome"]
[Black "Laehnwitz, Alexander"]
[Result "1-0"]
[WhiteElo "2067"]
[BlackElo "2031"]
[PlyCount "103"]
[EventDate "2012.07.20"]
[SourceDate "2012.07.12"]

1. e4 c6 2. d4 d5 3. exd5 cxd5 4. Bd3 Nc6 5. c3 Nf6 6. Bf4 g6 7. Nf3 Bg7 8.
Nbd2 O-O 9. O-O Qb6 10. Qb3 Qxb3 11. axb3 Bf5 12. Bxf5 gxf5 13. b4 a6 14. Nb3
Nd7 15. Na5 Nxa5 16. Rxa5 e6 17. Rfa1 Nb6 18. Nd2 Rfc8 19. R5a2 f6 20. g3 Bf8
21. Nb3 Nc4 22. Na5 Nxa5 23. Rxa5 Re8 24. b5 e5 25. Be3 f4 26. gxf4 exf4 27.
Bxf4 Re2 28. R1a2 Be7 29. bxa6 Rxa6 30. Rxa6 bxa6 31. Kf1 (31. Be3 Re1+ 32. Kg2
Rb1 33. b4 Kf7 (33... Rb3 34. Bd2) 34. Rxa6 Rb3 35. Bd2 Rb2 36. Bf4 Rb3 37. Rc6
) 31... Re6 32. Ra5 Rb6 33. b4 Rc6 34. Bd2 Rd6 35. Ke2 Kf7 36. Kd3 Ke6 37. Rc5
Rb6 38. Rc8 Bd6 39. h4 Kf7 40. h5 f5 41. Bg5 Kg7 42. h6+ Kg6 43. Rg8+ Kh5 44.
f4 Rc6 45. Rg7 Rc7 46. Rxc7 Bxc7 47. c4 dxc4+ 48. Kxc4 Bd6 49. b5 a5 50. b6 a4
51. Bd8 a3 52. Kb3 1-0

[Event "Vaujany Principal"]
[Site "Vaujany"]
[Date "2012.07.17"]
[Round "6.23"]
[White "Adam , Gyorgy Sr"]
[Black "Gombos, Bettina"]
[Result "0-1"]
[WhiteElo "2066"]
[BlackElo "1966"]
[Annotator "Jean-pierre,LEES"]
[PlyCount "66"]
[SourceDate "2012.07.12"]
[TimeControl "240+2"]

{1024MB, Fritz8.ctg
} 1. e4 c5 2. Nf3 e6 3. c4 d6 (3... Nc6 4. Nc3 Nf6 5. Be2
d5 6. exd5 exd5 7. d4) 4. Nc3 Nf6 5. d4 cxd4 6. Nxd4 a6 7. Be2 Be7 8. Be3 Qc7
9. O-O b6 10. Qd2 (10. a4 Bb7 11. f3 Nbd7 12. a5 bxa5 13. Nb3 Rb8 14. Nxa5 Ba8
15. Qd2 O-O 16. Rfc1) 10... Bb7 11. f3 O-O 12. Rfc1 Nbd7 13. a4 Rac8 14. a5 Bd8
15. b4 Qb8 16. Nb3 bxa5 17. Nxa5 Bxa5 18. Rxa5 Ne5 19. c5 (19. b5 Nxc4 20. Bxc4
Rxc4 21. bxa6 Bc6 22. Rb1 $18) 19... dxc5 (19... Rfd8) 20. Bxc5 Rfd8 21. Qe3
Nc6 22. Ra4 Nd7 23. Bb6 $2 (23. Bxa6 Nxb4 (23... Bxa6 24. Rxa6 Qb7 25. Rca1
Nxc5 26. bxc5 Nd4 $11) 24. Bxb4 Bxa6 25. Rb1) 23... Nxb6 24. Qxb6 Nd4 25. Bxa6
Qf4 {cette penetration de la Dame s'avere decisive} 26. Re1 Bxa6 (26... Qd2 27.
Rea1 (27. Rd1 Qxc3 28. Qxb7 Nxf3+ $1 29. Kf2 Nd2 30. Kg1 Qe3+ 31. Kh1 Nxe4 32.
Rf1 (32. Rxd8+ Rxd8 33. h3 Rd1+ 34. Kh2 Qg3#) 32... Nf2+ 33. Rxf2 Qxf2 34. Ra1
Rb8 $19)) 27. Rxa6 Qd2 28. Rea1 (28. Raa1 Qxc3) 28... Qxc3 29. Ra7 Rb8 30. Qa6
Qxb4 (30... Nxf3+ $142 31. Kf1 (31. gxf3 Qe3+ 32. Kh1 Qxf3+ 33. Kg1 Qe3+ (33...
Rd2 34. Qf1) 34. Kh1 (34. Kf1 Rd2) 34... Qxe4+ 35. Kg1 Qg4+ 36. Kh1 (36. Kf1
Qf4+ 37. Ke1 Qxb4+ 38. Kf1 Qf4+ 39. Kg1 Rb2)) 31... Qe3 32. gxf3 Rd2 {et mat})
31. Rc7 Nb3 32. Rb1 Ra8 33. Qb6 Qd4+ 0-1